[Event "Styrian op U08/12 29th"]
[Site "Mureck"]
[Date "2023.08.07"]
[Round "7"]
[White "Hackl, Konstantin"]
[Black "Winkelmayr, Raphael"]
[Result "0-1"]
[WhiteElo "929"]
[BlackElo "980"]
[PlyCount "102"]
[EventDate "2023.08.02"]
[EventRounds "9"]
[EventCountry "AUT"]
[SourceTitle "EXT 2024"]
[Source "ChessBase"]
[SourceDate "2023.10.10"]
[SourceVersion "1"]
[SourceVersionDate "2023.10.10"]
[SourceQuality "1"]

1. e4 e5 2. Nf3 Nf6 3. Nc3 Nc6 4. Bb5 d6 5. d4 a6 6. Ba4 b5 7. Bb3 Nxd4 8. Nxd4 exd4 9. Bd5 Nxd5 10. Nxd5 Bb7 11. Qxd4 Bxd5 12. exd5 Qe7+ 13. Be3 Qe5 14. 0-0 Be7 15. Qxe5 dxe5 16. f4 e4 17. Bd4 0-0 18. Rfe1 Rad8 19. Rxe4 Rxd5 20. Bxg7 Bc5+ 21. Kf1 Kxg7 22. b4 Bb6 23. c4 bxc4 24. Rxc4 a5 25. bxa5 Rxa5 26. a4 Rc5 27. Rxc5 Bxc5 28. a5 Ra8 29. Ke2 Bb4 30. a6 Bc5 31. Kd3 Kf6 32. Kc4 Bb6 33. Kd5 Kf5 34. g3 h6 35. Kc6 Ra7 36. Kd7 Bd4 37. Ra5+ Kg6 38. f5+ Kg7 39. Ke7 c5+ 40. Ke8 Kf6 41. Kd8 c4 42. Kc8 c3 43. Rd5 c2 44. Rd6+ Kg7 45. Rc6 Rxa6 46. f6+ Bxf6 47. Rxa6 c1Q+ 48. Kb8 Qb2+ 49. Ka8 Be5 50. Rb6 Qxb6 51. h4 Qb8# 0-1

[Event "Styrian op U08/12 28th"]
[Site "Mureck"]
[Date "2022.08.08"]
[Round "6"]
[White "Braun, Raban"]
[Black "Winkelmayr, Raphael"]
[Result "0-1"]
[WhiteElo "800"]
[BlackElo "939"]
[PlyCount "76"]
[EventDate "2022.08.03"]
[EventType "swiss"]
[EventRounds "9"]
[EventCountry "AUT"]
[SourceTitle "EXT 2023"]
[Source "ChessBase"]
[SourceDate "2022.10.05"]
[SourceVersion "1"]
[SourceVersionDate "2022.10.05"]
[SourceQuality "1"]

1. e4 e5 2. Nf3 Nf6 3. Bc4 Qe7 4. 0-0 h6 5. Nc3 Nc6 6. d3 Qd8 7. Be3 Bb4 8. a3 Bxc3 9. bxc3 d6 10. d4 0-0 11. d5 Ne7 12. Bd3 Bg4 13. Rb1 b6 14. h3 Bd7 15. c4 c6 16. c3 c5 17. Qe2 Ba4 18. Nh4 Qe8 19. Qf3 Ng6 20. Nxg6 fxg6 21. Qe2 Bd7 22. Qd2 Bc8 23. Bxh6 gxh6 24. Qxh6 Qf7 25. Rfe1 Qg7 26. Qxg7+ Kxg7 27. Re3 Rg8 28. f4 exf4 29. Ree1 Re8 30. Kf2 Nd7 31. g3 fxg3+ 32. Kxg3 Ne5 33. Bc2 Ba6 34. Kh4 Rh8+ 35. Kg5 Rh5+ 36. Kf4 Rxh3 37. Rf1 Rf8+ 38. Kg5 Rh5# 0-1